Conflict and reconciliation in Graham Green (Record no. 592)

MARC details
000 -LEADER
fixed length control field 00832 a2200217 4500
008 - FIXED-LENGTH DATA ELEMENTS--GENERAL INFORMATION
fixed length control field 080820t xxu||||| |||| 00| 0 eng d
010 ## - LIBRARY OF CONGRESS CONTROL NUMBER
LC control number ENG-84850
020 ## - INTERNATIONAL STANDARD BOOK NUMBER
International Standard Book Number 8185396515
Terms of availability 400.00
035 ## - SYSTEM CONTROL NUMBER
System control number EN-68383
037 ## - SOURCE OF ACQUISITION
Source of stock number/acquisition D.B.Act / Pub
082 ## - DEWEY DECIMAL CLASSIFICATION NUMBER
Classification number 823.08
100 ## - MAIN ENTRY--PERSONAL NAME
Personal name Goyal, Indu
245 ## - TITLE STATEMENT
Title Conflict and reconciliation in Graham Green
Statement of responsibility, etc by Indu Goyal
250 ## - EDITION STATEMENT
Edition statement 1st ed.
260 ## - PUBLICATION, DISTRIBUTION, ETC. (IMPRINT)
Place of publication, distribution, etc Delhi
Name of publisher, distributor, etc S. S. Publishers
Date of publication, distribution, etc 2007
270 ## - ADDRESS
Address IX/5572, West Seelampur, Gandhi Nagar
City Delhi
State or province Delhi
Postal code 110031
Telephone number 22433202
300 ## - PHYSICAL DESCRIPTION
Extent 178p.
Dimensions 22 cm. (Hb)
500 ## - GENERAL NOTE
General note Includes bibliographical references and index
942 ## - ADDED ENTRY ELEMENTS (KOHA)
Institution code [OBSOLETE] dpl
Koha item type English Books
Call number prefix 823.08 / GOY
Source of classification or shelving scheme Dewey Decimal Classification
Classification part 823.08
Call number suffix GOY
Holdings
Withdrawn status Lost status Damaged status Not for loan Home library Current library Date acquired Cost, normal purchase price Total Checkouts Full call number Barcode Date last seen Copy number Uniform Resource Identifier Cost, replacement price Price effective from Koha item type
        D.B.Act.Division D.B.Act.Division 20/08/2008 400.00   823.08 GOY EN-68383 15/09/2008 1 596 400.00 15/09/2008 English Books

© Delhi Public Library
Hit Counter
free hit counter